<?xml version="1.0" encoding="UTF-8"?>
<collection xmlns="http://www.loc.gov/MARC21/slim">
 <record>
  <leader>03533cam a2200673   4500</leader>
  <controlfield tag="001">193103214</controlfield>
  <controlfield tag="003">DE-627</controlfield>
  <controlfield tag="005">20240320184136.0</controlfield>
  <controlfield tag="007">tu</controlfield>
  <controlfield tag="008">960220s1996    xxu|||||      00| ||eng c</controlfield>
  <datafield tag="010" ind1=" " ind2=" ">
   <subfield code="a">   95049975 </subfield>
  </datafield>
  <datafield tag="020" ind1=" " ind2=" ">
   <subfield code="a">0226571645</subfield>
   <subfield code="c">cloth : acid-free paper</subfield>
   <subfield code="9">0-226-57164-5</subfield>
  </datafield>
  <datafield tag="020" ind1=" " ind2=" ">
   <subfield code="a">0226571653</subfield>
   <subfield code="c">paper : acid-free paper</subfield>
   <subfield code="9">0-226-57165-3</subfield>
  </datafield>
  <datafield tag="035" ind1=" " ind2=" ">
   <subfield code="a">(DE-627)193103214</subfield>
  </datafield>
  <datafield tag="035" ind1=" " ind2=" ">
   <subfield code="a">(DE-576)053805496</subfield>
  </datafield>
  <datafield tag="035" ind1=" " ind2=" ">
   <subfield code="a">(DE-599)GBV193103214</subfield>
  </datafield>
  <datafield tag="035" ind1=" " ind2=" ">
   <subfield code="a">(OCoLC)832435391</subfield>
  </datafield>
  <datafield tag="035" ind1=" " ind2=" ">
   <subfield code="a">(OCoLC)33898954</subfield>
  </datafield>
  <datafield tag="035" ind1=" " ind2=" ">
   <subfield code="a">(DE-604)811427620x</subfield>
  </datafield>
  <datafield tag="040" ind1=" " ind2=" ">
   <subfield code="a">DE-627</subfield>
   <subfield code="b">ger</subfield>
   <subfield code="c">DE-627</subfield>
   <subfield code="e">rakwb</subfield>
  </datafield>
  <datafield tag="041" ind1=" " ind2=" ">
   <subfield code="a">eng</subfield>
  </datafield>
  <datafield tag="044" ind1=" " ind2=" ">
   <subfield code="c">XD-US</subfield>
   <subfield code="c">XA-GB</subfield>
  </datafield>
  <datafield tag="050" ind1=" " ind2="0">
   <subfield code="a">N34</subfield>
  </datafield>
  <datafield tag="082" ind1="0" ind2=" ">
   <subfield code="a">701/.4</subfield>
   <subfield code="q">LOC</subfield>
   <subfield code="2">20</subfield>
  </datafield>
  <datafield tag="084" ind1=" " ind2=" ">
   <subfield code="a">9,10</subfield>
   <subfield code="2">ssgn</subfield>
  </datafield>
  <datafield tag="084" ind1=" " ind2=" ">
   <subfield code="a">LH 61050</subfield>
   <subfield code="2">rvk</subfield>
   <subfield code="0">(DE-625)rvk/94204:</subfield>
  </datafield>
  <datafield tag="084" ind1=" " ind2=" ">
   <subfield code="a">LH 61020</subfield>
   <subfield code="2">rvk</subfield>
   <subfield code="0">(DE-625)rvk/94201:</subfield>
  </datafield>
  <datafield tag="084" ind1=" " ind2=" ">
   <subfield code="a">LH 62000</subfield>
   <subfield code="2">rvk</subfield>
   <subfield code="0">(DE-625)rvk/94235:</subfield>
  </datafield>
  <datafield tag="084" ind1=" " ind2=" ">
   <subfield code="a">20.00</subfield>
   <subfield code="2">bkl</subfield>
  </datafield>
  <datafield tag="084" ind1=" " ind2=" ">
   <subfield code="a">20.30</subfield>
   <subfield code="2">bkl</subfield>
  </datafield>
  <datafield tag="084" ind1=" " ind2=" ">
   <subfield code="a">20.07</subfield>
   <subfield code="2">bkl</subfield>
  </datafield>
  <datafield tag="245" ind1="1" ind2="0">
   <subfield code="a">Critical terms for art history</subfield>
   <subfield code="c">ed. by Robert S. Nelson ..</subfield>
  </datafield>
  <datafield tag="264" ind1=" " ind2="1">
   <subfield code="a">Chicago [u.a.]</subfield>
   <subfield code="b">Univ. of Chicago Press</subfield>
   <subfield code="c">1996</subfield>
  </datafield>
  <datafield tag="300" ind1=" " ind2=" ">
   <subfield code="a">XVI, 364 S</subfield>
   <subfield code="b">Ill</subfield>
   <subfield code="c">25 cm</subfield>
  </datafield>
  <datafield tag="336" ind1=" " ind2=" ">
   <subfield code="a">Text</subfield>
   <subfield code="b">txt</subfield>
   <subfield code="2">rdacontent</subfield>
  </datafield>
  <datafield tag="337" ind1=" " ind2=" ">
   <subfield code="a">ohne Hilfsmittel zu benutzen</subfield>
   <subfield code="b">n</subfield>
   <subfield code="2">rdamedia</subfield>
  </datafield>
  <datafield tag="338" ind1=" " ind2=" ">
   <subfield code="a">Band</subfield>
   <subfield code="b">nc</subfield>
   <subfield code="2">rdacarrier</subfield>
  </datafield>
  <datafield tag="500" ind1=" " ind2=" ">
   <subfield code="a">Includes bibliographical references (p. 329-347) and index</subfield>
  </datafield>
  <datafield tag="583" ind1="1" ind2=" ">
   <subfield code="a">Archivierung/Langzeitarchivierung gewährleistet</subfield>
   <subfield code="f">SSG</subfield>
   <subfield code="x">XA-DE-BW</subfield>
   <subfield code="2">pdager</subfield>
   <subfield code="5">DE-16</subfield>
  </datafield>
  <datafield tag="650" ind1=" " ind2="0">
   <subfield code="a">Art</subfield>
   <subfield code="x">Historiography</subfield>
   <subfield code="v">Terminology</subfield>
   <subfield code="v">Terms and phrases</subfield>
  </datafield>
  <datafield tag="655" ind1=" " ind2="7">
   <subfield code="a">Aufsatzsammlung</subfield>
   <subfield code="0">(DE-588)4143413-4</subfield>
   <subfield code="0">(DE-627)105605727</subfield>
   <subfield code="0">(DE-576)209726091</subfield>
   <subfield code="2">gnd-content</subfield>
  </datafield>
  <datafield tag="689" ind1="0" ind2="0">
   <subfield code="d">s</subfield>
   <subfield code="0">(DE-588)4033643-8</subfield>
   <subfield code="0">(DE-627)106256408</subfield>
   <subfield code="0">(DE-576)209002948</subfield>
   <subfield code="a">Kunstgeschichtsschreibung</subfield>
   <subfield code="2">gnd</subfield>
  </datafield>
  <datafield tag="689" ind1="0" ind2=" ">
   <subfield code="5">(DE-627)</subfield>
  </datafield>
  <datafield tag="700" ind1="1" ind2=" ">
   <subfield code="a">Nelson, Robert S.</subfield>
   <subfield code="d">1947-</subfield>
   <subfield code="e">Hrsg.</subfield>
   <subfield code="0">(DE-588)132529629</subfield>
   <subfield code="0">(DE-627)523625804</subfield>
   <subfield code="0">(DE-576)261317342</subfield>
   <subfield code="4">edt</subfield>
  </datafield>
  <datafield tag="700" ind1="1" ind2=" ">
   <subfield code="a">Shiff, Richard</subfield>
   <subfield code="d">1943-</subfield>
   <subfield code="0">(DE-588)131933388</subfield>
   <subfield code="0">(DE-627)516181122</subfield>
   <subfield code="0">(DE-576)16532788X</subfield>
   <subfield code="4">oth</subfield>
  </datafield>
  <datafield tag="787" ind1="0" ind2="8">
   <subfield code="i">Rezension</subfield>
   <subfield code="a">Locher, Hubert, 1963 - </subfield>
   <subfield code="t">Postmoderne Kunstgeschichte oder kritische Kunstgeschichte »american style«?</subfield>
   <subfield code="d">1997</subfield>
   <subfield code="w">(DE-627)1480451991</subfield>
   <subfield code="w">(DE-576)410451991</subfield>
  </datafield>
  <datafield tag="856" ind1="4" ind2="2">
   <subfield code="u">http://www.loc.gov/catdir/description/uchi052/95049975.html</subfield>
   <subfield code="v">2015-03-24</subfield>
   <subfield code="x">Verlag</subfield>
   <subfield code="3">Verlagsangaben</subfield>
  </datafield>
  <datafield tag="856" ind1="4" ind2="2">
   <subfield code="u">http://www.loc.gov/catdir/toc/uchi051/95049975.html</subfield>
   <subfield code="x">Verlag</subfield>
   <subfield code="y">Table of contents</subfield>
  </datafield>
  <datafield tag="935" ind1=" " ind2=" ">
   <subfield code="i">Blocktest</subfield>
  </datafield>
  <datafield tag="936" ind1="r" ind2="v">
   <subfield code="a">LH 61050</subfield>
   <subfield code="b">Methodologie der Kunstgeschichte</subfield>
   <subfield code="k">Kunstgeschichte</subfield>
   <subfield code="k">Allgemeines. Allgemeine Kunstgeschichte</subfield>
   <subfield code="k">Theorie und Praxis der Bildenden Kunst</subfield>
   <subfield code="k">Theorie der Bildenden Kunst</subfield>
   <subfield code="k">Methodologie der Kunstgeschichte</subfield>
   <subfield code="0">(DE-627)1271071916</subfield>
   <subfield code="0">(DE-625)rvk/94204:</subfield>
   <subfield code="0">(DE-576)201071916</subfield>
  </datafield>
  <datafield tag="936" ind1="r" ind2="v">
   <subfield code="a">LH 61020</subfield>
   <subfield code="b">Kunsttheorie und Geschichte der Kunsttheorie</subfield>
   <subfield code="k">Kunstgeschichte</subfield>
   <subfield code="k">Allgemeines. Allgemeine Kunstgeschichte</subfield>
   <subfield code="k">Theorie und Praxis der Bildenden Kunst</subfield>
   <subfield code="k">Theorie der Bildenden Kunst</subfield>
   <subfield code="k">Kunsttheorie und Geschichte der Kunsttheorie</subfield>
   <subfield code="0">(DE-627)1270641891</subfield>
   <subfield code="0">(DE-625)rvk/94201:</subfield>
   <subfield code="0">(DE-576)200641891</subfield>
  </datafield>
  <datafield tag="936" ind1="r" ind2="v">
   <subfield code="a">LH 62000</subfield>
   <subfield code="b">Allgemeines (Berufsfragen s. LH 61190)</subfield>
   <subfield code="k">Kunstgeschichte</subfield>
   <subfield code="k">Allgemeines. Allgemeine Kunstgeschichte</subfield>
   <subfield code="k">Geschichte der Kunstwissenschaft</subfield>
   <subfield code="k">Allgemeines (Berufsfragen s. LH 61190)</subfield>
   <subfield code="0">(DE-627)1271071983</subfield>
   <subfield code="0">(DE-625)rvk/94235:</subfield>
   <subfield code="0">(DE-576)201071983</subfield>
  </datafield>
  <datafield tag="936" ind1="b" ind2="k">
   <subfield code="a">20.00</subfield>
   <subfield code="j">Kunstwissenschaften: Allgemeines</subfield>
   <subfield code="0">(DE-627)106406493</subfield>
  </datafield>
  <datafield tag="936" ind1="b" ind2="k">
   <subfield code="a">20.30</subfield>
   <subfield code="j">Kunstgeschichte: Allgemeines</subfield>
   <subfield code="0">(DE-627)106410326</subfield>
  </datafield>
  <datafield tag="936" ind1="b" ind2="k">
   <subfield code="a">20.07</subfield>
   <subfield code="j">Kunstkritik</subfield>
   <subfield code="j">Kunstinterpretation</subfield>
   <subfield code="0">(DE-627)106406280</subfield>
  </datafield>
  <datafield tag="951" ind1=" " ind2=" ">
   <subfield code="a">BO</subfield>
  </datafield>
  <datafield tag="990" ind1=" " ind2=" ">
   <subfield code="a">Kunstgeschichtsschreibung</subfield>
  </datafield>
  <datafield tag="991" ind1=" " ind2=" ">
   <subfield code="a">Rezensiertes Werk</subfield>
  </datafield>
  <datafield tag="999" ind1=" " ind2=" ">
   <subfield code="a">KXP-PPN193103214</subfield>
   <subfield code="e">400337956X</subfield>
  </datafield>
 </record>
</collection>
